Вып. 19; Адгезия расплавов и пайка материалов

Podrobná bibliografie
Parent link:Адгезия расплавов и пайка материалов: республиканский межведомственный сборник научных трудов/ Академия наук Украинской ССР (АН УССР), Институт проблем материаловедения им И. Н. Францевича (ИПМ). Вып. 19.— , 1976-1991.— 0136-1732
Další autoři: Найдич Ю. В. Юрий Владимирович (редактор)
Jazyk:ruština
Vydáno: 1987
Témata:
Médium: Kniha
KOHA link:https://koha.lib.tpu.ru/cgi-bin/koha/opac-detail.pl?biblionumber=272965

MARC

LEADER 00000nam2a2200000 4500
001 272965
005 20231101234602.0
035 |a (RuTPU)RU\TPU\book\296174 
035 |a RU\TPU\book\286319 
035 |a RU\TPU\book\295045 
090 |a 272965 
100 |a 20141013d1987 k y0rusy5003 ca 
101 0 |a rus 
102 |a UA 
105 |a a z 001zy 
200 0 |a Вып. 19  |f отв. ред. Ю. В. Найдич 
210 |d 1987 
215 |a 91 с.  |c ил. 
320 |a Библиогр. в конце ст. 
461 1 |0 (RuTPU)RU\TPU\book\129662  |x 0136-1732  |t Адгезия расплавов и пайка материалов  |o республиканский межведомственный сборник научных трудов  |f Академия наук Украинской ССР (АН УССР), Институт проблем материаловедения им И. Н. Францевича (ИПМ)  |v Вып. 19  |d 1976-1991 
606 1 |a Металлы  |x Адгезия  |2 stltpush  |3 (RuTPU)RU\TPU\subj\43020  |9 62607 
606 1 |a Адгезия  |x Машиностроение  |2 stltpush  |3 (RuTPU)RU\TPU\subj\1524  |9 30295 
606 1 |a Пайка  |2 stltpush  |3 (RuTPU)RU\TPU\subj\58921  |9 76604 
610 1 |a расплавы 
610 1 |a материалы 
610 1 |a сборники 
610 1 |a смачивание 
610 1 |a поверхностные свойства 
610 1 |a кристаллы 
610 1 |a тугоплавкие соединения 
610 1 |a сверхтвердые материалы 
610 1 |a адгезирующие покрытия 
610 1 |a технологические процессы 
675 |a 669:539.6  |v 3 
675 |a 621.792  |v 3 
675 |a 621.791.3  |v 3 
702 1 |a Найдич  |b Ю. В.  |g Юрий Владимирович  |4 340 
801 1 |a RU  |b 63413507  |c 20141022 
801 2 |a RU  |b 63413507  |c 20160630  |g RCR 
942 |c BK